| 000 | 00322 a2200133 4500 | ||
|---|---|---|---|
| 001 | 88870 | ||
| 082 | _aPR 793 | ||
| 090 |
_c42011 _d42011 |
||
| 100 | _aSher Afgan | ||
| 245 | _aNumerical solution of potential flow equation | ||
| 260 |
_aKarachi _bNED _c1982 |
||
| 300 |
_a40p. _eKhalid Khan |
||
| 500 | _aBE Project Reports | ||
| 942 |
_aCAE NUST _kPR 793 |
||
| 999 |
_c323943 _d323943 |
||